| 000 | 00791nam a2200217Ia 4500 | ||
|---|---|---|---|
| 003 | GCL | ||
| 005 | 20240530095642.0 | ||
| 008 | 140319s9999 xx 000 0 ara d | ||
| 020 | _a3354227977 | ||
| 040 |
_aGCL / _cGCL |
||
| 082 | 0 | 4 |
_a324.262 _bق/ا ح |
| 100 | 1 | _aايمان مرعى | |
| 245 | 1 | 0 |
_aحزب السلام الديمقراطى / _cايمان مرعى |
| 260 |
_aالقاهرة : _bمركز الدراسات السياسية والاستراتيجية - الأهرام ، _c2005 |
||
| 300 |
_a120 ص ؛ _c20 سم |
||
| 490 |
_aسلسلة الأحزاب السياسية _v0 |
||
| 650 | 0 | 4 | _aمصر - الاحوال السياسية |
| 650 | 0 | 4 | _aمصر - الاحزاب السياسية |
| 650 | 0 | 4 | _aمصر - حزب السلام الديمقراطى |
| 942 |
_2ddc _cBK |
||
| 999 |
_c9219 _d9219 |
||